| 000 | 00948nam a2200169 a 4500 | ||
|---|---|---|---|
| 001 | ASIN0070678200 | ||
| 005 | 20140526232136.0 | ||
| 008 | 140526s2010 xxu eng d | ||
| 020 |
_a0070678200 (paperback) _c$27.50 |
||
| 020 | _a9780070678200 (paperback) | ||
| 100 | 1 | _aSingh, S K. | |
| 245 | 1 | 0 |
_aIndustrial instrumentation and control / _cS K Singh. |
| 260 |
_a[S.l.] : _bTata McGraw, _c2010. |
||
| 300 |
_a768 p. ; _c23 cm. |
||
| 520 | _aThe third edition of the book on Industrial Instrumentation and Control is thoroughly revised and reorganized to address the changed curriculum and present needs of students and practicing engineers in the field of instrumentation and control. It now offers a comprehensive coverage of instrumentation and its practical implementation with an excellent balance of theoretical concepts and engineering practice. | ||
| 856 | 4 | 0 |
_3Amazon.com _uhttp://www.amazon.com/exec/obidos/ASIN/0070678200/chopaconline-20 |
| 999 |
_c4323 _d4323 |
||